000
00271 a2200121 4500
001
57724
082
_a
355.0092 LAN
090
_c
35409
_d
35409
100
_a
Laning, M.B
245
_a
100 Azim generals[urdu]
260
_a
Lahore
_b
Takhliqaat
_c
2003
300
_a
416p
942
_a
NUST-CAE
_k
355.0092 LAN
999
_c
292797
_d
292797